000 00579nam a2200205 i 4500
001 21496
003 ES-MaACL
005 20230906152505.0
007 t|
008 021126s1971 sp ||||1| spa d
080 _a133.527.64
100 1 _aAlberti, Lucía.
_919340
245 1 3 _aEl zodíaco y el amor /
_cLucía Alberti ; [traducción, Mª Gloria Rossi].
250 _a1ª ed.
260 _aBarcelona :
_bNoguer,
_c1971.
300 _a196 p. :
_bil. ;
_c19 cm.
650 4 _aHoróscopo.
_9145852
700 1 _aRossi Callizo, Gloria.
_9161934
852 4 _aES-MaACL
_jC-49663
999 _c21496
_d21496